1387 1935 1815 1120 1607 1889 1857 1441 1572 1101 1471 1164 1871 1156 1459 1922 1173 1752 1310 1523 1607 1783 1155 1178 1120 1911 1072 1843 1234 1225 1010 1540 1002 1171 1163 1229 1105 1233 1236 1989 1691 1949 1975 1708 1790 1902 1078 1984 1734 1393 1850 1667 1635 1215 1312 1227 1102 1767 1968 1285 1406 1557 1630 1566 1696 1260 1582 1500 1828 1087 1919 1142 1491 1097 1383 1215 1571 1275 1312 1564 1801 1554 1752 1600 1770 1720 1001 1710 1772 1952 1190 1946 1939 1963 1061 1259 1350 1245 1868 BCNSPRNW ULIB Ver.6.0+V

เปลี่ยนเป็นภาษาไทย

Change to English
 แสดงรายละเอียดบรรณานุกรม
  กลับหน้าหลัก

Brief Record : Get Marc (ISO 2709) : E-mail record : QR code < ปิดหน้าต่าง
LEADER : 00000nam 2200000uu 4500
001    13399127783
003     ULIB
008    210824s2564||||th 000 0 tha d
020    ^a9789740339991
060  0 ^aWT100^bส838ก
100 0  ^aสุภาภรณ์ สุดหนองบัว,^eผู้แต่ง
245 10 ^aการดูแลผู้สูงอายุ :^bสถานการณ์และคุณภาพชีวิต /^cสุภาภรณ์ สุดหนองบัว
250    ^aพิมพ์ครั้งที่ 1
260    ^aกรุงเทพฯ :^bสำนักพิมพ์จุฬาลงกรณ์มหาวิทยาลัย,^c2564
300    ^a218 หน้า :^bแผนภูมิ ;^c26 ซม
505 2  ^aสถานการณ์ของจำนวนผู้สูงอายุทั้งในระดับโลกและระดับประเทศ --ความหมายและความสำคัญของการดูแลผู้สูงอายุ --รูปแบบการดูแลผู้สูงอายุของชาติตะวันตกและเอเชีย -- คุณภาพชีวิตผู้สูงอายุ --การปรับตัวของผู้สูงอายุต่อการเปลี่ยนแปลงทางสังคม --การจัดที่อยู่อาศัยของผู้สูงอายุ --ผลกระทบของการย้ายถิ่นของบุตรต่อความรู้สึกของพ่อแม่ที่สูงอายุ --แรงสนับสนุนทางสังคมในผู้สูงอายุ --ความต้องการและความคาดหวังของผู้สูงอายุ --ภาวะเศรษฐกิจในผู้สูงอายุและการจัดสวัสดิการผู้สูงอายุในประเทศไทย
650  7 ^aผู้สูงอายุ^xการดูแล
650  7 ^aผู้สูงอายุ^xสุขภาพและอนามัย
945    ^p250^l0^i008160
945    ^p250^l0^i008161
945    ^p250^l0^i008162
945    ^p250^l0^i008163
945    ^p250^l0^i008164
945    ^p250^l0^i008165
945    ^p250^l0^i008166
999    ^aประนอม เกษจรัล
รายการนี้ยังไม่มีแท็ก
คุณยังไม่ได้ล็อกอิน คุณสามารถมีกิจกรรมร่วมกับเว็บไซต์ได้ แต่ต้องล็อกอินก่อน ::
  ล็อกอิน

รายการสื่อสารสนเทศ

ลำดับที่ ประเภท เลขเรียก/บาร์โค้ด สถานที่ สถานะ
1. วิทยาศาสตร์การแพทย์ และสุขภาพ
หนังสือสำรอง
สถานะ=หนังสือสำรอง
WT100 ส838ก ฉ.1 
  Barcode: 008160
ห้องสมุดวิทยาเขตสวรรค์ประชารักษ์
►หนังสือทั่วไป
บนชั้น
2. วิทยาศาสตร์การแพทย์ และสุขภาพ
วิทยาศาสตร์การแพทย์ และสุขภาพ
WT100 ส838ก ฉ.2 
  Barcode: 008161
ห้องสมุดวิทยาเขตสวรรค์ประชารักษ์
►หนังสือทั่วไป
บนชั้น
3. วิทยาศาสตร์การแพทย์ และสุขภาพ
วิทยาศาสตร์การแพทย์ และสุขภาพ
WT100 ส838ก ฉ.3 
  Barcode: 008162
ห้องสมุดวิทยาเขตสวรรค์ประชารักษ์
►หนังสือทั่วไป
บนชั้น
4. วิทยาศาสตร์การแพทย์ และสุขภาพ
วิทยาศาสตร์การแพทย์ และสุขภาพ
WT100 ส838ก ฉ.4 
  Barcode: 008163
ห้องสมุดวิทยาเขตสวรรค์ประชารักษ์
►หนังสือทั่วไป
บนชั้น
5. วิทยาศาสตร์การแพทย์ และสุขภาพ
วิทยาศาสตร์การแพทย์ และสุขภาพ
WT100 ส838ก ฉ.5 
  Barcode: 008164
ห้องสมุดวิทยาเขตสวรรค์ประชารักษ์
►หนังสือทั่วไป
บนชั้น
6. วิทยาศาสตร์การแพทย์ และสุขภาพ
วิทยาศาสตร์การแพทย์ และสุขภาพ
WT100 ส838ก ฉ.6 
  Barcode: 008165
ห้องสมุดวิทยาเขตสวรรค์ประชารักษ์
►หนังสือทั่วไป
บนชั้น
7. วิทยาศาสตร์การแพทย์ และสุขภาพ
วิทยาศาสตร์การแพทย์ และสุขภาพ
WT100 ส838ก ฉ.7 
  Barcode: 008166
ห้องสมุดวิทยาเขตสวรรค์ประชารักษ์
►หนังสือทั่วไป
บนชั้น

รายการใกล้เคียง
    หัวเรื่อง [ผู้สูงอายุ การดูแล]

BibComment


ยังไม่เคยถูกคอมเมนท์

คอมเมนท์ทรัพยากรรายการนี้
  คอมเมนท์: การดูแลผู้สูงอาย..


 Copyright 2026. Bcnsprnw @Library